Microsoft sharepoint2016 : (Record no. 140959)

MARC details
000 -LEADER
fixed length control field 00623nam a22002057a 4500
005 - DATE AND TIME OF LATEST TRANSACTION
control field 20170609142814.0
010 ## - LCCN (DPL NO)
LC control number ENG-118602
020 ## - INTERNATIONAL STANDARD BOOK NUMBER
International Standard Book Number 9788120353367
Terms of availability 650.00
035 ## - SYSTEM CONTROL NUMBER
System control number EN-102134
037 ## - SOURCE OF ACQUISITION
Source of stock number/acquisition DABD/PUB
082 ## - DEWEY DECIMAL CLASSIFICATION NUMBER
Classification number 004.682
100 ## - MAIN ENTRY--PERSONAL NAME
Personal name Londer,Olga
245 ## - TITLE STATEMENT
Title Microsoft sharepoint2016 :
Statement of responsibility, etc by Olga Londer [and] Penelope Coventry
Remainder of title Step by step
260 ## - PUBLICATION, DISTRIBUTION, ETC. (IMPRINT)
Place of publication, distribution, etc Delhi
Name of publisher, distributor, etc PHI Learning
Date of publication, distribution, etc 2017
270 ## - ADDRESS
Address 111, Patparganj Industrial Estate
City Delhi
Postal code 110092
300 ## - PHYSICAL DESCRIPTION
Extent xvi,559p.
Dimensions 24cm(pbk)
500 ## - GENERAL NOTE
General note Includes index
700 ## - ADDED ENTRY--PERSONAL NAME
Personal name Coventry, Penelope
942 ## - ADDED ENTRY ELEMENTS (KOHA)
Source of classification or shelving scheme Dewey Decimal Classification
Item type English Books
Classification part 004.682
Call number suffix OLG
Holdings
Withdrawn status Lost status Not for loan Collection code Home library Current library Date acquired Source of acquisition Cost, normal purchase price Full call number Barcode Copy number Cost, replacement price Koha item type
      Non-fiction Central Library Central Library 09/06/2017 DBAD 650.00 004.682 OLG EN-102134 1 650.00 English Books

© Delhi Public Library
Hit Counter
free hit counter